000
00296nam a22001337a 4500
008
170717b xxu||||| |||| 00| 0 eng d
020
_a
9780830814046
041
_a
eng
080
_a
2
100
_a
2
101
_a
TEO
245
_a
CONCISE DICTIONARY OF RELIGION
_c
HEXHAM, I
942
_2
udc
_c
BK
999
_c
21321
_d
21321